000 00611nam a2200205Ii 4500
003 JO-AjNU
008 230606s9999||||xx |||||||||||||| ||und||
020 _a978-81-203-4686-4
040 _aJO-AjNU
_beng
_erda
_cJO-AjNU
041 _aeng
050 1 4 _aQA297.A248.2013
100 3 _aAscher,Uri m /Greif,Chen,
_eauthor
_93799
245 0 0 _aAfirst Course in Numerical Methods
264 3 1 _aNEW JERSEYprentic hall:,2013
300 _a552p
336 _atext
_btxt
_2rdacontent
337 _aunmediated
_bn
_2rdamedia
338 _avolume
_bnc
_2rdacarrier
650 4 _aAfirst Course in Numerical Methods
_93800
999 _aE1982
_c1982
_d1982